| 000 | 00960nam a22002297a 4500 | ||
|---|---|---|---|
| 003 | OSt | ||
| 005 | 20250917095143.0 | ||
| 008 | 240301b ||||| |||| 00| 0 eng d | ||
| 040 | _c0 | ||
| 082 | _aDPer 621.317 Ie21 June 2022 v. 37 n. 6 | ||
| 100 |
_aDang, Yongliang. _eauthor. _953755 |
||
| 245 |
_aModule integral method for the calculation of frequency-dependent leakage inductance of high-frequency transformers / _cYongliang Dang, Lingyu Zhu, Jiangyu Liu, Cao Zhan, Li Long, and Shengchang Ji. |
||
| 260 |
_aNew York ; _bThe Institute of Electrical and Electronics Engineers, Inc. , _cJune 2022. |
||
| 300 |
_aVolume 37, pages 7028-7038 : _billustration ; _c29 cm. |
||
| 700 |
_aDang, Yongliang. _eauthor. _953755 |
||
| 700 |
_aZhu, Lingyu. _eauthor. _953756 |
||
| 700 |
_aLiu, Jiangyu. _eauthor. _953757 |
||
| 700 |
_aZhan, Cao. _eauthor. _953758 |
||
| 700 |
_aLong, Li. _eauthor. _953759 |
||
| 700 |
_aJi, Shengchang. _eauthor. _953760 |
||
| 942 |
_2ddc _cPER |
||
| 999 |
_c19474 _d19474 |
||